000 00296nam a22001337a 4500
008 180115b xxu||||| |||| 00| 0 eng d
020 _a9781457637797
041 _aeng
080 _26 ED
_a37
100 _a48
101 _aEDU
245 _aA POCKET STYLE MANUAL
_cHACKER.D
942 _2udc
_cBK
999 _c40232
_d40232